[Event "Sabaneta op-B 1st"]
[Site "Sabaneta"]
[Date "2022.11.26"]
[Round "2"]
[White "Pacheco Jimenez, Yesenia Camila"]
[Black "Campo Molina, Mariana"]
[Result "1-0"]
[WhiteElo "1748"]
[BlackElo "1500"]
[PlyCount "63"]
[EventDate "2022.11.25"]
[EventType "swiss"]
[EventRounds "8"]
[EventCountry "COL"]
[SourceTitle "CBM 211 Extra"]
[Source "ChessBase"]
[SourceDate "2023.01.31"]
[SourceVersion "1"]
[SourceVersionDate "2023.01.31"]
[SourceQuality "1"]

1. d4 d5 2. Nf3 Nc6 3. g3 Nf6 4. Bg2 Bg4 5. 0-0 e6 6. h3 Bh5 7. Bf4 Be7 8. Nbd2 0-0 9. c3 Ne4 10. Nxe4 dxe4 11. Ne5 Bf6 12. Nxc6 bxc6 13. Bxe4 e5 14. dxe5 Be7 15. Bxc6 Rb8 16. Qxd8 Rfxd8 17. g4 Bg6 18. b3 Rb6 19. Bf3 c5 20. Rfd1 h6 21. Rxd8+ Bxd8 22. Rd1 Rb8 23. e6 f5 24. Bxb8 Ba5 25. c4 h5 26. Rd7 Be8 27. Rxa7 g5 28. Rxa5 f4 29. Rxc5 h4 30. Rxg5+ Kh7 31. Be4+ Kh8 32. Be5# 1-0

[Event "Sabaneta op-B 1st"]
[Site "Sabaneta"]
[Date "2022.11.25"]
[Round "1"]
[White "Castro Torres, Cristian"]
[Black "Pacheco Jimenez, Yesenia Camila"]
[Result "1-0"]
[WhiteElo "1600"]
[BlackElo "1748"]
[PlyCount "103"]
[EventDate "2022.11.25"]
[EventType "swiss"]
[EventRounds "8"]
[EventCountry "COL"]
[SourceTitle "CBM 211 Extra"]
[Source "ChessBase"]
[SourceDate "2023.01.31"]
[SourceVersion "1"]
[SourceVersionDate "2023.01.31"]
[SourceQuality "1"]

1. e4 c5 2. c3 e6 3. d4 d5 4. exd5 Qxd5 5. Nf3 Nc6 6. Be2 Nf6 7. 0-0 Be7 8. h3 0-0 9. Be3 cxd4 10. cxd4 Rd8 11. Nc3 Qd7 12. Ne5 Nxe5 13. dxe5 Nd5 14. Nxd5 Qxd5 15. Qxd5 Rxd5 16. Bf3 Rxe5 17. Rac1 Rb5 18. Rfd1 e5 19. Rc7 Bf6 20. b3 Be6 21. Bxb7 Rb8 22. Bc6 Ra5 23. Rxa7 Rxa7 24. Bxa7 Rc8 25. Be4 g6 26. Rd2 Bg5 27. Be3 Be7 28. Rc2 Rd8 29. Bc5 Rd1+ 30. Kh2 Bd8 31. Bf3 Rb1 32. Ba3 Ra1 33. g4 Bg5 34. Bd6 Bf4+ 35. Kg2 Kg7 36. Be2 Bd5+ 37. f3 Kf6 38. Bc4 Bb7 39. Re2 h6 40. Bc5 Rc1 41. Be3 Rc3 42. Kf2 g5 43. a4 Bh2 44. a5 Ke7 45. a6 Ba8 46. a7 e4 47. Bc5+ Kd7 48. Rxe4 Kc6 49. Bd4 Rc1 50. Kg2 Bc7 51. Re8 Rc2+ 52. Kf1 1-0

[Event "ECU-ch (Women)"]
[Site "Banos de Agua Santa"]
[Date "2020.03.11"]
[Round "2"]
[White "Pacheco Jimenez, Yesenia Camila"]
[Black "Escobar Villota, Domenika Gabriela"]
[Result "1-0"]
[WhiteElo "1630"]
[BlackElo "1386"]
[PlyCount "69"]
[EventDate "2020.03.10"]
[EventType "swiss"]
[EventRounds "9"]
[EventCountry "ECU"]
[SourceTitle "CBM 195 Extra"]
[Source "ChessBase"]
[SourceDate "2020.05.31"]
[SourceVersion "1"]
[SourceVersionDate "2020.05.31"]
[SourceQuality "1"]

1. d4 f5 2. Bg5 h6 3. Bh4 g5 4. e3 Nf6 5. Be2 Bg7 6. Bg3 d6 7. c4 Nbd7 8. Nf3 b6 9. Nc3 Bb7 10. d5 Nc5 11. Nd4 Bc8 12. Bh5+ Nxh5 13. Qxh5+ Kf8 14. 0-0-0 Qe8 15. Qf3 Bxd4 16. exd4 Nb7 17. h4 g4 18. Qe3 Nd8 19. Rde1 Qf7 20. Bf4 Qg7 21. Nb5 e6 22. dxe6 Ke7 23. Nxc7 Rb8 24. Nd5+ Ke8 25. Bxd6 Rb7 26. Be5 Qg6 27. Bxh8 Nxe6 28. Nf4 Qg8 29. Nxe6 Bxe6 30. Qxh6 Re7 31. d5 Bf7 32. Rxe7+ Kxe7 33. Re1+ Kd7 34. Qc6+ Kd8 35. Bf6# 1-0

[Event "ECU-ch U20 Girls"]
[Site "Guayaquil"]
[Date "2020.02.22"]
[Round "6"]
[White "Pinos Cevallos, Belen"]
[Black "Pacheco Jimenez, Yesenia Camila"]
[Result "0-1"]
[WhiteElo "1640"]
[BlackElo "1594"]
[PlyCount "79"]
[EventDate "2020.02.19"]
[EventType "swiss"]
[EventRounds "9"]
[EventCountry "ECU"]
[SourceTitle "CBM 195 Extra"]
[Source "ChessBase"]
[SourceDate "2020.05.31"]
[SourceVersion "1"]
[SourceVersionDate "2020.05.31"]
[SourceQuality "1"]

1. d4 Nf6 2. g3 g6 3. Bg2 Bg7 4. e4 d6 5. Nc3 0-0 6. Nge2 e5 7. h3 Nc6 8. Be3 Re8 9. 0-0 Bd7 10. Re1 Qc8 11. Kh2 h6 12. Qd2 Kh7 13. b3 Ne7 14. Rad1 g5 15. Nd5 Nexd5 16. exd5 e4 17. c4 Bf5 18. Nc3 Qd8 19. b4 Qd7 20. Rc1 b6 21. Rb1 Re7 22. a4 Rf8 23. a5 Bg6 24. Ra1 Ne8 25. axb6 axb6 26. c5 bxc5 27. dxc5 f5 28. c6 Qd8 29. Ra4 f4 30. Bd4 e3 31. fxe3 fxg3+ 32. Kxg3 Bxd4 33. exd4 Rxe1 34. Qxe1 Qf6 35. Ne2 Ng7 36. Kh2 Nh5 37. Ra3 Nf4 38. Nxf4 Qxf4+ 39. Kh1 Re8 40. Qg3 0-1

[Event "Pan American-ch U18 Girls"]
[Site "Guayaquil"]
[Date "2019.07.22"]
[Round "2"]
[White "Perez Canete, Dora Romina"]
[Black "Pacheco Jimenez, Yesenia Camila"]
[Result "0-1"]
[WhiteElo "1482"]
[BlackElo "1768"]
[PlyCount "72"]
[EventDate "2019.07.21"]
[EventType "swiss"]
[EventRounds "9"]
[EventCountry "ECU"]
[SourceTitle "EXT 2020"]
[Source "ChessBase"]
[SourceDate "2019.10.17"]
[SourceVersion "1"]
[SourceVersionDate "2019.10.17"]
[SourceQuality "1"]

1. e4 c5 2. Bc4 e6 3. Nf3 a6 4. a4 Nc6 5. 0-0 Be7 6. Nc3 d6 7. d4 cxd4 8. Nxd4 Nf6 9. Nb3 0-0 10. h3 b6 11. f4 Bb7 12. g4 Nxe4 13. Nxe4 d5 14. Bxd5 exd5 15. Ng3 Re8 16. Nf5 Bf8 17. Nfd4 Qh4 18. Kh2 Nxd4 19. Nxd4 Rac8 20. Bd2 Bc5 21. Nf5 Qf6 22. Bc3 d4 23. Bxd4 Qc6 24. Rf2 Rcd8 25. c3 Bf8 26. Qb3 b5 27. axb5 axb5 28. Ng3 Rd7 29. Rc1 Rxd4 30. cxd4 Qxc1 31. Qxb5 Bc6 32. Qb6 Re1 33. b4 Rh1+ 34. Nxh1 Qxh1+ 35. Kg3 Qg1+ 36. Kh4 Qxf2+ 0-1

[Event "Pan American-ch U20 Girls"]
[Site "Guayaquil"]
[Date "2018.06.24"]
[Round "9"]
[White "Puppi Lazo, Stephanie Beatriz"]
[Black "Pacheco Jimenez, Yesenia Camila"]
[Result "0-1"]
[WhiteElo "1832"]
[BlackElo "1576"]
[PlyCount "66"]
[EventDate "2018.06.19"]
[EventType "swiss"]
[EventRounds "9"]
[EventCountry "ECU"]
[SourceTitle "EXT 2019"]
[Source "ChessBase"]
[SourceDate "2018.10.10"]
[SourceVersion "1"]
[SourceVersionDate "2018.10.10"]
[SourceQuality "1"]

1. e4 c5 2. Nf3 d6 3. Nc3 Nf6 4. d4 cxd4 5. Nxd4 a6 6. Be2 e6 7. 0-0 Be7 8. Be3 0-0 9. f4 Qc7 10. Qe1 Nc6 11. Qg3 Kh8 12. Rad1 b5 13. a3 Bb7 14. Kh1 Rad8 15. Bf3 Na5 16. e5 Ne8 17. Ne4 Nc4 18. Bc1 dxe5 19. fxe5 Bxe4 20. Bxe4 Qxe5 21. Qd3 Nf6 22. Bf3 Bc5 23. c3 Qc7 24. Qe2 Bxd4 25. cxd4 Nd5 26. Be4 Qe7 27. Rf3 Nf6 28. Bg5 Nd6 29. Bc2 Rfe8 30. Rxf6 gxf6 31. Qh5 Nf5 32. Bh4 Rd5 33. Kg1 Rg8 0-1

[Event "Limon op"]
[Site "Limon"]
[Date "2014.11.29"]
[Round "6"]
[White "Pacheco Jimenez, Yesenia Camila"]
[Black "Ojeda, Eric"]
[Result "1-0"]
[WhiteElo "1328"]
[BlackElo "1499"]
[PlyCount "41"]
[EventDate "2014.11.27"]
[EventType "swiss"]
[EventRounds "7"]
[EventCountry "ECU"]
[SourceTitle "CBM 163 Extra"]
[Source "ChessBase"]
[SourceDate "2014.12.23"]
[SourceVersion "1"]
[SourceVersionDate "2014.12.23"]
[SourceQuality "1"]

1. e4 d5 2. exd5 Qxd5 3. Nc3 Qa5 4. d4 Nf6 5. Be3 Bf5 6. Nf3 e6 7. Bd3 Bg6 8. 0-0 Bb4 9. Ne2 0-0 10. Ng3 Bd6 11. c3 c6 12. Qd2 Nbd7 13. Rfe1 Rfd8 14. b4 Qc7 15. Bxg6 hxg6 16. Bg5 a5 17. a3 axb4 18. axb4 Bxg3 19. fxg3 Ne4 20. Rxa8 Nxd2 21. Bxd8 1-0